[Event "Russian Championship G17 1st league 2016"]
[Site "Loo"]
[Date "2016.04.23"]
[Round "4.5"]
[White "Tukaeva, Adelya"]
[Black "Samchenko, Serafima"]
[Result "1-0"]
[WhiteElo "1854"]
[BlackElo "1706"]
[PlyCount "89"]
[EventDate "2016.04.20"]

1. e4 e5 2. Nf3 Nc6 3. Bb5 a6 4. Ba4 Nf6 5. O-O b5 6. Bb3 Be7 7. d3 d6 8. a3
O-O 9. Nc3 Na5 10. Ba2 c5 11. h3 Qc7 12. Bd2 Nc6 13. Nh2 Nd4 14. f4 Be6 15. Nd5
Qb7 16. c3 Nc6 17. fxe5 Nxe5 18. Nxe7+ Qxe7 19. Bg5 Ned7 20. Bb1 h6 21. Bh4 g5
22. Bg3 Ne5 23. b3 Rad8 24. d4 Ng6 25. Bc2 Kg7 26. Qf3 Ne8 27. Rae1 f6 28. Qd3
c4 29. Qe3 cxb3 30. Bb1 Bc4 31. Rf3 h5 32. e5 dxe5 33. dxe5 fxe5 34. Qe4 Rf6
35. Rxf6 Qxf6 36. Nf3 Bd5 37. Qe3 Bxf3 38. Bxg6 Kxg6 39. Bxe5 Qc6 40. gxf3 Nd6
41. Bf6 Kxf6 42. Qe7+ Kf5 43. Re5+ Kf4 44. Qxg5+ Kxf3 45. Re3# 1-0

[Event "Russian Championship G17 1st league 2016"]
[Site "Loo"]
[Date "2016.04.23"]
[Round "4.6"]
[White "Shkalikova, Marina"]
[Black "Dunaevskaya, Alisa"]
[Result "1-0"]
[WhiteElo "1823"]
[BlackElo "1558"]
[PlyCount "99"]
[EventDate "2016.04.20"]

1. d4 e6 2. Bf4 d5 3. e3 Bd6 4. Bg3 Nf6 5. Nd2 O-O 6. Bd3 Re8 7. Ngf3 Bxg3 8.
hxg3 Nbd7 9. Ne5 g6 10. Qf3 c5 11. c3 b6 12. O-O-O Qe7 13. g4 Qf8 14. Qh3 Qg7
15. f4 cxd4 16. exd4 Rd8 17. Nc6 Re8 18. g5 Nh5 19. Qe3 Bb7 20. Ne5 f5 21. Nxd7
Qxd7 22. Be2 Qf7 23. Bxh5 gxh5 24. Nf3 Re7 25. Ne5 Qe8 26. Qe2 a5 27. Qxh5 Qxh5
28. Rxh5 Ba6 29. Rdh1 Rc8 30. g6 Rcc7 31. Rg5 Kf8 32. Rh6 Bc8 33. Rgh5 Kg8 34.
g4 Rg7 35. g5 b5 36. gxh7+ Rxh7 37. Rxh7 Rxh7 38. Rxh7 Kxh7 39. Nc6 a4 40. Ne5
Ba6 41. Kc2 Kg7 42. b3 a3 43. b4 Bb7 44. Kb3 Bc8 45. Kxa3 Bb7 46. Kb3 Ba6 47.
a4 Kh7 48. Nd7 Bc8 49. Nf6+ Kg6 50. axb5 1-0

[Event "Russian Championship G17 1st league 2016"]
[Site "Loo"]
[Date "2016.04.23"]
[Round "4.7"]
[White "Averina, Vera"]
[Black "Danilova, Rada"]
[Result "0-1"]
[WhiteElo "1697"]
[BlackElo "1808"]
[PlyCount "184"]
[EventDate "2016.04.20"]

1. d4 Nf6 2. Bg5 g6 3. Bxf6 exf6 4. e3 Bg7 5. Ne2 f5 6. Nf4 d6 7. Bd3 Nd7 8. c3
Nf6 9. Nd2 O-O 10. h4 Re8 11. Qf3 c5 12. Nb3 Qc7 13. Bb5 Rd8 14. h5 c4 15. Nd2
d5 16. Qd1 a6 17. Ba4 b5 18. Bc2 Re8 19. Qf3 Be6 20. hxg6 fxg6 21. Nxe6 Rxe6
22. Qh3 Re7 23. O-O b4 24. Rfc1 bxc3 25. bxc3 Qa5 26. Bd1 Rb8 27. Qg3 Rb2 28.
Qd6 Rd7 29. Qe6+ Kf8 30. Nf3 Rb6 31. Qe5 Ne4 32. Qh2 Kg8 33. Ne5 Re7 34. Bf3
Bxe5 35. dxe5 Nxc3 36. Qh4 Rbe6 37. Qd4 Ne4 38. Rd1 Rxe5 39. Be2 Nc3 40. Re1
Nxe2+ 41. Rxe2 Re4 42. Qb2 Re8 43. Rd1 f4 44. Qb7 fxe3 45. Qxd5+ Qxd5 46. Rxd5
exf2+ 47. Rxf2 Re1+ 48. Kh2 R1e2 49. Rxe2 Rxe2 50. Rc5 Rxa2 51. Rxc4 a5 52. Rc7
Rb2 53. Ra7 Rb5 54. Kg3 h5 55. Kf3 Rf5+ 56. Kg3 Rg5+ 57. Kf3 Kf8 58. g3 Ke8 59.
Kf2 Kd8 60. Kf3 Kc8 61. Kf4 Rg4+ 62. Ke5 Kb8 63. Rf7 Rxg3 64. Kd6 Rd3+ 65. Kc6
Rc3+ 66. Kb6 Rb3+ 67. Kxa5 Kc8 68. Rg7 Rg3 69. Kb6 Kd8 70. Kc6 Ke8 71. Kd6 Kf8
72. Rb7 Re3 73. Kd5 Re7 74. Rb6 Kg7 75. Kd4 h4 76. Kd3 g5 77. Rc6 Kf7 78. Rh6
Re6 79. Rh8 Kg6 80. Kd4 Kf5 81. Kd5 Re1 82. Kd6 Kf4 83. Kd7 Kg3 84. Ra8 h3 85.
Ra3+ Kg4 86. Ra4+ Kf3 87. Ra2 Re2 88. Ra3+ Re3 89. Ra2 g4 90. Ra1 g3 91. Rf1+
Kg2 92. Rd1 Re2 0-1

[Event "Russian Championship G17 1st league 2016"]
[Site "Loo"]
[Date "2016.04.23"]
[Round "4.8"]
[White "Vorobyova, Valeriya"]
[Black "Petrova, Marija"]
[Result "1-0"]
[WhiteElo "1784"]
[BlackElo "1697"]
[PlyCount "111"]
[EventDate "2016.04.20"]

1. e4 e5 2. Nf3 Nc6 3. Bb5 a6 4. Ba4 Nf6 5. O-O Be7 6. Re1 b5 7. Bb3 d6 8. c3
O-O 9. h3 Be6 10. Bc2 d5 11. exd5 Qxd5 12. Bb3 Qd6 13. Bxe6 Qxe6 14. d4 Rad8
15. Qc2 Nd7 16. a4 f6 17. Bf4 Qd5 18. axb5 axb5 19. dxe5 Ndxe5 20. Nxe5 Nxe5
21. Bg3 Bd6 22. Rd1 Qc5 23. Nd2 Qb6 24. Ne4 Kh8 25. Rd2 Nc4 26. Bxd6 Nxd6 27.
Rad1 Nf7 28. Qb3 Rxd2 29. Rxd2 Ne5 30. Qd5 c6 31. Qe6 Qb8 32. Nd6 Nc4 33. Nxc4
Re8 34. Qd6 bxc4 35. Qxb8 Rxb8 36. Rd6 Kg8 37. Rxc6 Rxb2 38. Rxc4 Rb1+ 39. Kh2
Rc1 40. Kg3 Kf7 41. Kf4 Rc2 42. Ke3 h6 43. g3 Ke6 44. h4 Ke5 45. h5 Kf5 46. g4+
Kg5 47. f3 Kh4 48. Kf4 Rf2 49. Re4 Rc2 50. Re3 Rd2 51. Re7 Rd3 52. Rxg7 Rxc3
53. Rg6 Rc4+ 54. Kf5 Kg3 55. Kxf6 Kxf3 56. Kg7 1-0

[Event "Russian Championship G17 1st league 2016"]
[Site "Loo"]
[Date "2016.04.23"]
[Round "4.9"]
[White "Suvorova, Ksenia"]
[Black "Kolmychek, Evelina"]
[Result "1-0"]
[WhiteElo "1648"]
[BlackElo "2029"]
[PlyCount "77"]
[EventDate "2016.04.20"]

1. d4 d5 2. Nf3 Nf6 3. c4 e6 4. g3 c5 5. Bg2 Nc6 6. cxd5 exd5 7. Nc3 Be6 8. O-O
Be7 9. b3 O-O 10. dxc5 Bxc5 11. Bb2 a6 12. Na4 Ba7 13. Nd4 Qe7 14. Rc1 Bd7 15.
Nxc6 bxc6 16. Bd4 Bxd4 17. Qxd4 Qxe2 18. Nb6 Rad8 19. Nxd7 Rxd7 20. Rxc6 Rfd8
21. a4 h6 22. Rfc1 Rd6 23. Bf1 Rxc6 24. Rxc6 Qa2 25. Bxa6 Qxb3 26. Rc8 Rxc8 27.
Bxc8 Qb8 28. Bf5 Qa8 29. Qb4 g6 30. Bd3 Nd7 31. a5 Qa7 32. a6 Nc5 33. Qd4 Qb6
34. Qxd5 Nxa6 35. Be4 Qa7 36. Qa5 Qd4 37. Qxa6 Kg7 38. Qc6 Qa1+ 39. Kg2 1-0

[Event "Russian Championship G17 1st league 2016"]
[Site "Loo"]
[Date "2016.04.23"]
[Round "4.10"]
[White "Zakarian, Diana"]
[Black "Guskova, Alina"]
[Result "1-0"]
[WhiteElo "1625"]
[BlackElo "1831"]
[PlyCount "93"]
[EventDate "2016.04.20"]

1. e4 c5 2. Nf3 e6 3. d4 cxd4 4. Nxd4 a6 5. Nc3 Qc7 6. Qd3 Nf6 7. Qg3 Qxg3 8.
hxg3 Bb4 9. f3 d6 10. Bd2 Nc6 11. Nxc6 bxc6 12. O-O-O d5 13. exd5 cxd5 14. a3
Bd6 15. g4 Bb7 16. Na4 Bc6 17. Nc3 O-O 18. Bd3 g6 19. Rh3 h5 20. gxh5 Nxh5 21.
Ne2 Bd7 22. g4 e5 23. Bf5 Bxf5 24. gxf5 Kg7 25. Rg1 Rh8 26. fxg6 fxg6 27. Ng3
Kf7 28. Nxh5 Rxh5 29. Rhg3 Bc5 30. Rf1 Rah8 31. b4 Rh1 32. Rxh1 Rxh1+ 33. Kb2
Bd4+ 34. Bc3 Bxc3+ 35. Kxc3 Kf6 36. a4 Ra1 37. Kb3 Rb1+ 38. Kc3 Ra1 39. a5 Ra3+
40. Kb2 Ra4 41. c3 d4 42. Rg1 dxc3+ 43. Kb3 Rxb4+ 44. Kxb4 c2 45. Kb3 Kf5 46.
Kxc2 g5 47. Kd2 1-0

[Event "Russian Championship G17 1st league 2016"]
[Site "Loo"]
[Date "2016.04.23"]
[Round "4.11"]
[White "Alekseeva, Nariya"]
[Black "Tsepilova, Serafima"]
[Result "0-1"]
[WhiteElo "1690"]
[BlackElo "1766"]
[PlyCount "168"]
[EventDate "2016.04.20"]

1. e4 b6 2. d4 Bb7 3. Bd3 e6 4. Nf3 Nf6 5. Nbd2 d5 6. exd5 Nxd5 7. O-O Be7 8.
c4 Nf6 9. Nb3 Nbd7 10. Bf4 c5 11. dxc5 Nxc5 12. Nxc5 Bxc5 13. Ne5 O-O 14. Qc2
Qe7 15. Bg5 h6 16. Bh4 g5 17. Bg3 Kg7 18. Qc3 Rad8 19. Rad1 Bd4 20. Qc2 Nh5 21.
Rfe1 Nxg3 22. hxg3 h5 23. Nf3 Bxf3 24. gxf3 Qf6 25. Qe2 Bxb2 26. Qe4 Rh8 27.
Bc2 Bd4 28. Kg2 Bc5 29. Rxd8 Qxd8 30. Rd1 Qc7 31. Ba4 Rd8 32. Bc2 Rxd1 33. Qh7+
Kf8 34. Qh6+ Ke8 35. Bxd1 Qd7 36. Bb3 Qd2 37. Qxh5 Qxf2+ 38. Kh3 Qd2 39. Qh8+
Ke7 40. Qe5 f6 41. Qc7+ Qd7 42. Qxd7+ Kxd7 43. Kg4 Be7 44. Kh3 Kd6 45. Kg2 Ke5
46. Kf2 Bc5+ 47. Ke2 Kd4 48. Kd2 f5 49. Ke2 e5 50. Bc2 e4 51. fxe4 fxe4 52. g4
a6 53. Bb3 Kc3 54. Kd1 Kd3 55. Bc2+ Ke3 56. Ke1 Kd4 57. Ke2 Bd6 58. Bb3 Bf4 59.
Bc2 Be5 60. Bb3 Bd6 61. Bc2 Bc5 62. Bb3 e3 63. Bc2 Kc3 64. Bd3 Kb2 65. Kd1 Kxa2
66. Kc2 Bd4 67. Be2 Ka3 68. Kd3 Bc5 69. Kc3 Ka4 70. Bd1+ Ka5 71. Be2 b5 72. Kb3
b4 73. Bd3 Kb6 74. Be2 Bd6 75. Bd3 Kc5 76. Bf1 Bc7 77. Be2 a5 78. Bf1 Kd4 79.
Be2 Ke4 80. Kc2 a4 81. Bd1 b3+ 82. Kc3 Ba5+ 83. Kb2 Kd3 84. c5 e2 0-1

[Event "Russian Championship G17 1st league 2016"]
[Site "Loo"]
[Date "2016.04.23"]
[Round "4.12"]
[White "Khan, Anastasia"]
[Black "Demchenko, Alisa"]
[Result "1-0"]
[WhiteElo "1878"]
[BlackElo "1822"]
[PlyCount "67"]
[EventDate "2016.04.20"]

1. d4 Nf6 2. c4 e5 3. dxe5 Ng4 4. Nf3 Bc5 5. e3 Nc6 6. Be2 O-O 7. O-O Ngxe5 8.
Nc3 Nxf3+ 9. Bxf3 Ne5 10. Be2 a5 11. e4 d6 12. Kh1 Qh4 13. f4 Ng4 14. Bxg4 Bxg4
15. Qd3 Rfe8 16. f5 Bh5 17. Bf4 Qe7 18. Qh3 Be2 19. Nxe2 Qxe4 20. Nc3 Qxc4 21.
f6 Re6 22. Bh6 gxh6 23. Qg3+ Kf8 24. Qg7+ Ke8 25. Qg8+ Kd7 26. Qxa8 b6 27. Rfe1
Be3 28. Nd5 Qd4 29. Qb7 Qc5 30. Nxe3 Rxe3 31. Rec1 Qe5 32. Rxc7+ Ke6 33. Re7+
Kxf6 34. Rxe5 1-0

[Event "Russian Championship G17 1st league 2016"]
[Site "Loo"]
[Date "2016.04.23"]
[Round "4.14"]
[White "Bagaeva, Maria"]
[Black "Sumenkova, Elena"]
[Result "0-1"]
[WhiteElo "1490"]
[BlackElo "1645"]
[PlyCount "68"]
[EventDate "2016.04.20"]

1. e4 c5 2. c3 Nf6 3. e5 Nd5 4. Nf3 Nc6 5. d4 cxd4 6. cxd4 d6 7. h3 Bf5 8. a3
e6 9. Bc4 dxe5 10. dxe5 Nb6 11. Qxd8+ Rxd8 12. Bb5 Be4 13. Nbd2 Bd5 14. O-O a6
15. Be2 Nd7 16. Re1 Bxf3 17. Nxf3 Ndxe5 18. Nxe5 Nxe5 19. Bxa6 bxa6 20. Rxe5
Rd1+ 21. Kh2 Bd6 22. f4 Bxe5 23. fxe5 Kd7 24. b4 Rc8 25. Bb2 Rd2 26. Bc1 Re2
27. Bf4 Rcc2 28. Rg1 Ra2 29. Kh1 Rxa3 30. Rd1+ Ke7 31. Rc1 Rd3 32. Rc7+ Ke8 33.
Ra7 h6 34. h4 Re4 0-1

[Event "Russian Championship G17 1st league 2016"]
[Site "Loo"]
[Date "2016.04.23"]
[Round "4.16"]
[White "Zhekotova, Darya"]
[Black "Ivanets, Anastasiya"]
[Result "1-0"]
[WhiteElo "1543"]
[BlackElo "1472"]
[PlyCount "159"]
[EventDate "2016.04.20"]

1. e4 c5 2. c4 Nc6 3. Ne2 Nf6 4. Nbc3 e5 5. d3 Be7 6. f4 d6 7. f5 b6 8. g3 Bb7
9. Bh3 Nd4 10. Nxd4 cxd4 11. Qa4+ Qd7 12. Qxd7+ Nxd7 13. Nd5 Kd8 14. b3 h6 15.
Ba3 Ba6 16. Ke2 b5 17. Nb4 Nc5 18. Nc6+ Ke8 19. Bxc5 dxc5 20. Nxe5 Bd6 21. Nf3
bxc4 22. bxc4 Rb8 23. Rab1 f6 24. Rb3 Ke7 25. Rhb1 h5 26. Nh4 Rxb3 27. Ng6+ Kd7
28. axb3 Ra8 29. Bg2 Bb7 30. Kf2 Bc6 31. Bf3 a5 32. Ra1 Bc7 33. Bxh5 Rb8 34.
Ra3 Kd6 35. Bd1 Be8 36. Nf4 Bf7 37. Ra2 Rh8 38. h4 Rh6 39. Nd5 Bd8 40. Nf4 g6
41. fxg6 Bxg6 42. Nxg6 Rxg6 43. Kg2 Ke5 44. Rf2 Rg7 45. Rf5+ Kd6 46. Rd5+ Ke7
47. Rxc5 Ke8 48. Rh5 Kf7 49. Rh8 Bc7 50. g4 Bd6 51. Ra8 Bb4 52. Ra7+ Kg8 53.
Rxg7+ Kxg7 54. Kf3 Kg6 55. Ke2 Kg7 56. e5 fxe5 57. Kf3 Kf6 58. Ke4 Bd6 59. g5+
Kg6 60. c5 Bxc5 61. Kxe5 Bb4 62. Kxd4 Be1 63. h5+ Kxg5 64. Kc5 Bb4+ 65. Kd5 Bd2
66. d4 Bc3 67. Kc5 Bb4+ 68. Kc6 Kf6 69. d5 Ke7 70. h6 Kd8 71. h7 Bc3 72. Bg4
Be5 73. d6 Bf6 74. d7 Be5 75. Kd5 Bc3 76. Ke6 Bd4 77. Kf7 Be5 78. Kg8 Bd4 79.
h8=Q Bxh8 80. Kxh8 1-0

[Event "Russian Championship G17 1st league 2016"]
[Site "Loo"]
[Date "2016.04.23"]
[Round "4.18"]
[White "Shovunova, Maryana"]
[Black "Tatarinova, Elena"]
[Result "1-0"]
[WhiteElo "1571"]
[BlackElo "1726"]
[PlyCount "137"]
[EventDate "2016.04.20"]

1. e4 c5 2. Nf3 Nc6 3. d4 cxd4 4. Nxd4 g6 5. Be3 Bg7 6. c3 d6 7. Nd2 Nf6 8. f3
O-O 9. Bb5 Bd7 10. Ba4 a6 11. O-O b5 12. Nxc6 Bxc6 13. Bc2 Rb8 14. Nb3 b4 15.
Nd4 Bd7 16. c4 Qc7 17. b3 a5 18. Qd2 Rfc8 19. a3 Bc6 20. Ra2 Nd7 21. Kh1 Nc5
22. Nxc6 Qxc6 23. Bd4 Bxd4 24. Qxd4 Ne6 25. Qd2 Qc5 26. Rd1 Qd4 27. Qe1 Qc3 28.
axb4 Qxe1+ 29. Rxe1 Rxb4 30. Rxa5 Nd4 31. Ra2 Nxc2 32. Rxc2 Rxb3 33. Rec1 Rb6
34. Kg1 Rbc6 35. Kf2 e6 36. Ke3 d5 37. exd5 exd5 38. c5 Rd8 39. Kd4 f6 40. Rb2
Kf7 41. Rb6 Rc7 42. c6 Ke7 43. Kc5 d4 44. Rb7 Rdc8 45. Re1+ Kd8 46. Rxc7 Rxc7
47. Rd1 Kc8 48. Rxd4 f5 49. Ra4 Kb8 50. Kb6 Re7 51. c7+ Rxc7 52. Ra8+ Kxa8 53.
Kxc7 Ka7 54. Kd7 Kb7 55. Ke6 Kc7 56. Kf6 Kd6 57. Kg7 Ke6 58. Kxh7 Kf6 59. Kh6
f4 60. g4 fxg3 61. hxg3 Kf5 62. g4+ Kf6 63. g5+ Kf5 64. f4 Kxf4 65. Kxg6 Ke5
66. Kf7 Kd6 67. g6 Kc5 68. g7 Kc4 69. g8=Q 1-0

[Event "Russian Championship G17 2016"]
[Site "Loo"]
[Date "2016.04.23"]
[Round "4.1"]
[White "Mylnikova, Olga"]
[Black "Martynyuk, Elizaveta"]
[Result "1/2-1/2"]
[WhiteElo "2194"]
[BlackElo "2059"]
[PlyCount "98"]
[EventDate "2016.04.20"]

1. d4 d5 2. c4 c6 3. Nf3 Nf6 4. e3 e6 5. Bd3 Nbd7 6. Nbd2 Bd6 7. O-O O-O 8. e4
dxe4 9. Nxe4 Nxe4 10. Bxe4 f5 11. Bc2 c5 12. Re1 Qf6 13. Bg5 Qg6 14. Be3 b6 15.
dxc5 Bxc5 16. Bxc5 Nxc5 17. Ne5 Qf6 18. Qe2 Rb8 19. f3 Bb7 20. Rad1 Be4 21. f4
a5 22. b3 Rbd8 23. a3 g5 24. b4 axb4 25. axb4 gxf4 26. Nf3 Bxc2 27. Rxd8 Qxd8
28. bxc5 Be4 29. cxb6 Qxb6+ 30. Kh1 Rd8 31. Ng5 Qb7 32. Nxe6 Re8 33. Nxf4 Kf8
34. Qf2 Qb4 35. c5 Qc3 36. Rf1 Qc4 37. Re1 Qc3 38. h3 Re5 39. Rd1 Qb3 40. Rd8+
Re8 41. Rd6 Qc4 42. Kh2 Re7 43. Qh4 Ke8 44. Qf6 Qg8 45. Qd4 Qg5 46. Qh8+ Kf7
47. Qxh7+ Ke8 48. Qh8+ Kf7 49. Qh7+ Ke8 1/2-1/2

[Event "Russian Championship G17 2016"]
[Site "Loo"]
[Date "2016.04.23"]
[Round "4.2"]
[White "Kozina, Anastasia"]
[Black "Shuvalova, Polina"]
[Result "0-1"]
[WhiteElo "1994"]
[BlackElo "2196"]
[PlyCount "64"]
[EventDate "2016.04.20"]

1. e4 e5 2. Nf3 Nc6 3. Bb5 a6 4. Ba4 Nf6 5. d3 d6 6. c4 Be7 7. h3 O-O 8. O-O
Nd7 9. Nc3 Nd4 10. Nxd4 exd4 11. Ne2 Bf6 12. Bxd7 Bxd7 13. Ng3 b5 14. b3 Rb8
15. f4 Bh4 16. Nf5 Bxf5 17. exf5 bxc4 18. bxc4 d5 19. Ba3 Re8 20. Rc1 Re3 21.
cxd5 Qxd5 22. Rxc7 Qxa2 23. Qh5 Bd8 24. Rd7 Bf6 25. Bc1 Rxd3 26. Rf2 Qc4 27.
Kh2 Qxc1 28. Qxf7+ Kh8 29. Rc7 Qe3 30. Rf3 Qe4 31. Rxd3 Qxf4+ 32. Rg3 Be5 0-1

[Event "Russian Championship G17 2016"]
[Site "Loo"]
[Date "2016.04.23"]
[Round "4.3"]
[White "Aksenova, Maria"]
[Black "Protopopova, Anastasiya"]
[Result "0-1"]
[WhiteElo "1919"]
[BlackElo "2188"]
[PlyCount "108"]
[EventDate "2016.04.20"]

1. d4 Nf6 2. Nf3 e6 3. e3 b6 4. b3 Bb7 5. Bb2 c5 6. Bd3 cxd4 7. exd4 Be7 8. O-O
O-O 9. c4 d6 10. Nc3 Nbd7 11. Re1 Re8 12. Bc2 Bf8 13. Ng5 h6 14. Nge4 d5 15.
Nd2 Rc8 16. Rc1 Nb8 17. Nf3 dxc4 18. Ne5 cxb3 19. Bxb3 Bb4 20. Qe2 Nd5 21. Bxd5
Bxd5 22. Red1 Bb7 23. Qh5 Rf8 24. Rd3 Qg5 25. Qh3 Kh7 26. Rg3 Qf6 27. a3 Bd6
28. Re1 Qf5 29. Qxf5+ exf5 30. Rd3 a6 31. Na4 b5 32. Nc3 f6 33. Nf3 Rfe8 34.
Rde3 Bc6 35. Nh4 g6 36. Re6 Bd7 37. R6e2 Nc6 38. Nd5 Kg7 39. Nb6 Rxe2 40. Rxe2
Re8 41. Kf1 Rxe2 42. Kxe2 Be8 43. h3 Kf7 44. Kd3 Ne7 45. a4 bxa4 46. Nc4 Bb5
47. Nf3 Nd5 48. Nfd2 Bb4 49. Kc2 Ke6 50. Ba3 Bxa3 51. Nxa3 Nf4 52. Kc3 Nxg2 53.
Nxb5 axb5 54. Kb4 Kd5 0-1

[Event "Russian Championship G17 2016"]
[Site "Loo"]
[Date "2016.04.23"]
[Round "4.4"]
[White "Afonasieva, Anna"]
[Black "Korchagina, Alena"]
[Result "1/2-1/2"]
[WhiteElo "2133"]
[BlackElo "2031"]
[PlyCount "113"]
[EventDate "2016.04.20"]

1. d4 d5 2. Nf3 Nf6 3. c4 dxc4 4. e3 e6 5. Bxc4 c5 6. O-O a6 7. a4 Nc6 8. Nc3
cxd4 9. exd4 Be7 10. Bf4 O-O 11. Re1 Nb4 12. Qb3 Nc6 13. Rad1 Na5 14. Qa2 Nxc4
15. Qxc4 Qb6 16. Qa2 Rd8 17. a5 Qb4 18. Bc7 Rd7 19. Bb6 Nd5 20. Na4 Bd8 21. Ne5
Nxb6 22. Nxb6 Bxb6 23. Nxd7 Qxa5 24. Qxa5 Bxa5 25. Re5 Bd8 26. Nc5 b6 27. Na4
Bd7 28. Nc3 Bf6 29. Re3 Rc8 30. d5 Kf8 31. h3 Rc4 32. Rdd3 Rb4 33. Re2 Rb3 34.
Rf3 exd5 35. Nxd5 Rxf3 36. gxf3 Bd8 37. Kg2 Be6 38. Nb4 a5 39. Nc6 Bf6 40. Ne5
Ke7 41. Nc4 Bd4 42. Re4 Bc5 43. Ne5 Bd5 44. Rh4 h6 45. Nd3 Bd6 46. Rd4 Be6 47.
Nf4 Be5 48. Nxe6 Kxe6 49. Rd2 b5 50. b3 Bd6 51. Kf1 a4 52. bxa4 bxa4 53. Rd4 a3
54. Rg4 g5 55. Ke2 f6 56. Kd3 Bc5 57. Re4+ 1/2-1/2

[Event "Russian Championship G17 2016"]
[Site "Loo"]
[Date "2016.04.23"]
[Round "4.5"]
[White "Nosacheva, Mariya"]
[Black "Erdenieva, Oyuna"]
[Result "1/2-1/2"]
[WhiteElo "2021"]
[BlackElo "2123"]
[PlyCount "84"]
[EventDate "2016.04.20"]

1. e4 c6 2. c4 d5 3. exd5 cxd5 4. cxd5 Nf6 5. Nc3 Nbd7 6. Nf3 g6 7. Bc4 Bg7 8.
O-O O-O 9. d3 Nb6 10. Qb3 Bf5 11. Re1 Rc8 12. Ne5 Nfd7 13. Nxd7 Qxd7 14. Nb5
Nxc4 15. dxc4 a6 16. Na3 e6 17. Bf4 exd5 18. cxd5 Rc5 19. Rad1 a5 20. d6 Be6
21. Qe3 Rfc8 22. b3 b5 23. Rc1 Bc3 24. Nb1 Bxe1 25. Rxc5 Rxc5 26. Qxc5 Bf5 27.
Nc3 Bxc3 28. Qxc3 g5 29. Bg3 Qd8 30. Be5 f6 31. Bg3 Kg7 32. h3 a4 33. f4 h6 34.
fxg5 hxg5 35. Qc5 Qd7 36. bxa4 bxa4 37. Bf2 Kg6 38. Qc4 Be6 39. Qc2+ Bf5 40.
Qd2 Be6 41. a3 Qc6 42. Kh2 Bd5 1/2-1/2

[Event "Russian Championship G17 2016"]
[Site "Loo"]
[Date "2016.04.23"]
[Round "4.6"]
[White "Gorovenko, Darya"]
[Black "Krapivina, Galina"]
[Result "1-0"]
[WhiteElo "2082"]
[BlackElo "1859"]
[PlyCount "67"]
[EventDate "2016.04.20"]

1. d4 d5 2. Nf3 Nc6 3. c4 Bg4 4. Nc3 e6 5. cxd5 exd5 6. Bg5 Be7 7. Bxe7 Ngxe7
8. e3 Rb8 9. Be2 a6 10. O-O O-O 11. Na4 Ng6 12. Rc1 Nce7 13. Nc5 c6 14. b4 Nf5
15. h3 Bxf3 16. Bxf3 Ngh4 17. Bg4 b6 18. Nd3 Qg5 19. g3 Ng6 20. Rxc6 Nge7 21.
h4 Qh6 22. Rc7 Rfe8 23. Qa4 Nxh4 24. gxh4 Qxh4 25. Qd1 f5 26. Bf3 g5 27. Bg2 f4
28. exf4 gxf4 29. Qf3 Rf8 30. Re1 Rbe8 31. Ne5 Kh8 32. Qh3 Qg5 33. Kh2 h6 34.
Rg1 1-0

[Event "Russian Championship G17 2016"]
[Site "Loo"]
[Date "2016.04.23"]
[Round "4.7"]
[White "Illina, Natalia"]
[Black "Guseva, Lidia"]
[Result "1-0"]
[WhiteElo "1945"]
[BlackElo "2065"]
[PlyCount "95"]
[EventDate "2016.04.20"]

1. e4 c6 2. d4 g6 3. Bd3 Bg7 4. Nf3 d5 5. c3 dxe4 6. Bxe4 Nf6 7. Bc2 Na6 8. O-O
h6 9. Bf4 Bg4 10. Nbd2 Nc7 11. h3 Ncd5 12. Be5 Bf5 13. Re1 Qd7 14. Nc4 O-O 15.
Qd2 Kh7 16. Bh2 Bxc2 17. Qxc2 Qf5 18. Qxf5 gxf5 19. Na5 f4 20. c4 Nb4 21. Rxe7
b6 22. Nb7 c5 23. a3 Nc2 24. Rd1 Nxd4 25. Nxd4 cxd4 26. Bxf4 Rae8 27. Rxe8 Rxe8
28. Nd6 Re2 29. b4 Kg6 30. Nb5 Nh5 31. Bb8 Re7 32. g4 Nf6 33. Bxa7 Rb7 34. a4
Nd7 35. c5 bxc5 36. bxc5 Ne5 37. f4 Nc6 38. Bb6 h5 39. Kf2 Re7 40. a5 Nb4 41.
f5+ Kg5 42. Bd8 Bf6 43. Bxe7 Bxe7 44. Nd6 Nc6 45. Nxf7+ Kf4 46. Nd6 hxg4 47.
hxg4 Bh4+ 48. Ke2 1-0

[Event "Russian Championship G17 2016"]
[Site "Loo"]
[Date "2016.04.23"]
[Round "4.8"]
[White "Skomorokhina, Ekaterina"]
[Black "Borisova, Ekaterina"]
[Result "0-1"]
[WhiteElo "1883"]
[BlackElo "2058"]
[PlyCount "94"]
[EventDate "2016.04.20"]

1. d4 g6 2. Bf4 Bg7 3. e3 d6 4. Nf3 Nd7 5. h3 e5 6. Bh2 Ne7 7. Be2 O-O 8. c4
Nf5 9. Nc3 c6 10. O-O Qb6 11. Na4 Qd8 12. b4 Qf6 13. Rc1 Re8 14. d5 e4 15. dxc6
bxc6 16. Nd2 Qe7 17. Nc3 Bb7 18. g4 Bxc3 19. Rxc3 Ng7 20. Nb3 Ne5 21. Na5 Rab8
22. c5 d5 23. b5 cxb5 24. Bxb5 Nf3+ 25. Kg2 Nxh2 26. Bxe8 Nxe8 27. c6 Ba6 28.
Rh1 Nf3 29. Qxd5 Nh4+ 30. Kg3 g5 31. Rc5 h6 32. Qe5 Qc7 33. Qxc7 Nxc7 34. Rd1
Be2 35. Re1 Bd3 36. Nb3 Ne6 37. Rc3 Kf8 38. Nc1 Ba6 39. Rd1 Bc8 40. c7 Nxc7 41.
Rxc7 Be6 42. Nb3 Rb5 43. Rxa7 Rb4 44. Nc5 Bc4 45. Rd4 Rb1 46. Rxc4 Rg1+ 47. Kh2
Nf3# 0-1

[Event "Russian Championship G17 2016"]
[Site "Loo"]
[Date "2016.04.23"]
[Round "4.9"]
[White "Abasheeva, Ksenia"]
[Black "Sakorenko, Adriana"]
[Result "1-0"]
[WhiteElo "1886"]
[BlackElo "1969"]
[PlyCount "79"]
[EventDate "2016.04.20"]

1. e4 e6 2. d4 d5 3. Nd2 c5 4. c3 Nc6 5. Ngf3 cxd4 6. cxd4 dxe4 7. Nxe4 Be7 8.
Bd3 Nf6 9. Nc3 O-O 10. O-O b6 11. a3 Bb7 12. Re1 Rc8 13. Bc2 Qd7 14. Qd3 Rfd8
15. Be3 g6 16. Rad1 Nd5 17. Bd2 Ndb4 18. axb4 Nxb4 19. Qe2 Bxf3 20. Qxf3 Nxc2
21. Re4 f5 22. Rf4 g5 23. Qg3 Kh8 24. Rf3 Nxd4 25. Qe5+ Kg8 26. Rg3 Rc5 27. Qe1
g4 28. h3 h5 29. Rd3 Nc2 30. Qe2 Qxd3 31. Qxe6+ Kh8 32. Qh6+ Kg8 33. Qg6+ Kh8
34. Qxh5+ Kg8 35. Qg6+ Kh8 36. Qh6+ Kg8 37. Qe6+ Kh8 38. Qxe7 Qd6 39. Qh4+ Kg8
40. Bh6 1-0

[Event "Russian Championship G17 2016"]
[Site "Loo"]
[Date "2016.04.23"]
[Round "4.10"]
[White "Barbaeva, Irina"]
[Black "Golovkina, Anastasia"]
[Result "0-1"]
[WhiteElo "1968"]
[BlackElo "1881"]
[PlyCount "80"]
[EventDate "2016.04.20"]

1. e4 e5 2. Nf3 Nc6 3. Bb5 a6 4. Ba4 Nf6 5. O-O Bc5 6. c3 b5 7. Bb3 d6 8. d4
Bb6 9. h3 O-O 10. a4 Bb7 11. Re1 Re8 12. d5 Ne7 13. Nbd2 Ng6 14. Nf1 Nh5 15.
axb5 axb5 16. Rxa8 Qxa8 17. Ng5 Nf6 18. Be3 Bxe3 19. Rxe3 h6 20. Nf3 c6 21.
dxc6 Bxc6 22. Qxd6 Bxe4 23. N1d2 Bc6 24. c4 Rd8 25. Qa3 Qxa3 26. bxa3 e4 27.
cxb5 Bb7 28. Nc4 exf3 29. gxf3 Nd5 30. Re1 Ngf4 31. h4 Nc3 32. b6 Nce2+ 33. Kh2
Nd4 34. Re3 Nxf3+ 35. Kg3 Nh5+ 36. Kh3 Rd4 37. Na5 Rxh4+ 38. Kg2 Rh2+ 39. Kf1
Rh1+ 40. Ke2 Nf4# 0-1

[Event "Russian Championship G17 2016"]
[Site "Loo"]
[Date "2016.04.23"]
[Round "4.11"]
[White "Troyanok, Tatiana"]
[Black "Khristenko, Anna"]
[Result "1/2-1/2"]
[WhiteElo "1772"]
[BlackElo "1962"]
[PlyCount "74"]
[EventDate "2016.04.20"]

1. d4 Nf6 2. c4 g6 3. Nc3 Bg7 4. e4 d6 5. f3 O-O 6. Be3 a6 7. Qd2 Nbd7 8. Rd1
b5 9. cxb5 axb5 10. Bxb5 Nb6 11. Nge2 Bd7 12. Bd3 Qb8 13. b3 Rc8 14. O-O c5 15.
Rb1 Qa7 16. dxc5 dxc5 17. b4 c4 18. Bc2 Qb7 19. b5 Be8 20. a4 Ra5 21. Nd4 Na8
22. Na2 Ra7 23. Nc6 Nb6 24. Nxa7 Qxa7 25. a5 c3 26. Bxb6 Qxb6+ 27. axb6 cxd2
28. Bd3 Rb8 29. Nc3 Rxb6 30. Na4 Rd6 31. Nc5 Nd7 32. Nxd7 Bxd7 33. Bc4 Bd4+ 34.
Kh1 Bb6 35. Rfd1 Rd4 36. Be2 Rd6 37. Rb2 Bxb5 1/2-1/2

[Event "Russian Championship G17 2016"]
[Site "Loo"]
[Date "2016.04.23"]
[Round "4.12"]
[White "Borunova, Tatiana"]
[Black "Tishova, Svetlana"]
[Result "0-1"]
[WhiteElo "1699"]
[BlackElo "1946"]
[PlyCount "70"]
[EventDate "2016.04.20"]

1. e4 e6 2. d4 d5 3. Nd2 c5 4. c3 Nc6 5. Ngf3 Nf6 6. Bd3 cxd4 7. cxd4 Qb6 8. a3
Nxd4 9. Nxd4 Qxd4 10. Nf3 Qb6 11. e5 Nd7 12. b4 Be7 13. Be3 Qd8 14. Rc1 O-O 15.
h4 f5 16. Bg5 Nb6 17. Bxe7 Qxe7 18. Ng5 h6 19. Nf3 Bd7 20. h5 Rfc8 21. g3 Be8
22. Nd4 Rxc1 23. Qxc1 Rc8 24. Qd2 Nc4 25. Qf4 Bd7 26. g4 fxg4 27. Qxg4 Qg5 28.
Qxg5 hxg5 29. Rg1 Nxe5 30. Kd2 g4 31. f4 Nxd3 32. Kxd3 Rf8 33. Rxg4 e5 34. f5
exd4 35. h6 Bxf5+ 0-1